000
00337nam a2200133Ia 4500
008
151001s9999||||xx |||||||||||||| ||und||
100
_a
विभा रानी
245
_a
अगले जनम मोहे
250
_a
1
260
_b
किताबहार
260
_c
2008
300
_a
96
365
_b
21
999
_c
994319
_d
994316